| 000 | 00846nas a2200289 4500 | ||
|---|---|---|---|
| 001 | BR0104644 | ||
| 003 | BR-BrBNA | ||
| 005 | 20231205102540.0 | ||
| 007 | ta | ||
| 008 | 230509b bl.|||p| |||| 00| 00por d | ||
| 040 |
_aBR-BrBNA _bpor _cBiblioteca Nacional de Agricultura |
||
| 041 | _a(Pt) | ||
| 072 | _aF08 | ||
| 100 | 1 | _aPedrotti, A. | |
| 100 | 1 | _aPauletto, E.A. | |
| 100 | 1 | _aGomes, A. da S. | |
| 100 | 1 | _aTuratti, A.L. | |
| 100 | 1 | _aCrestana, S. | |
| 245 | 1 | _aSistemas de cultivo de arroz irrigado e a compactacao de um Planossolo | |
| 650 | _aArroz | ||
| 650 | _aPantano | ||
| 650 | _aManejo do Solo | ||
| 650 | _aCompactacao do Solo | ||
| 773 | 0 |
_tPesquisa Agropecuaria Brasileira (Brazil) _xISSN 0100-204X _g(Apr 2001), v. 36(4) p. 709-715 _wBR0104644 |
|
| 909 |
_a202311 _bLúcia _c55 _dLúcia Elande |
||
| 942 |
_2AGRIS _n0 _cANA |
||
| 999 |
_c168112 _d168112 |
||